The design of CMOS radio-frequency integrated circuits / (Record no. 18904)
[ view plain ]
| 000 -LEADER | |
|---|---|
| fixed length control field | 01106cam a22003014a 4500 |
| 001 - CONTROL NUMBER | |
| control field | 13322736 |
| 005 - DATE AND TIME OF LATEST TRANSACTION | |
| control field | 20150119110740.0 |
| 008 - FIXED-LENGTH DATA ELEMENTS--GENERAL INFORMATION | |
| fixed length control field | 030825r20122004xxka fr2b f001 0 eng d |
| 010 ## - LIBRARY OF CONGRESS CONTROL NUMBER | |
| LC control number | 2003061322 |
| 020 ## - INTERNATIONAL STANDARD BOOK NUMBER | |
| International Standard Book Number | 0521835399 |
| 020 ## - INTERNATIONAL STANDARD BOOK NUMBER | |
| International Standard Book Number | 9780521835398 |
| 040 ## - CATALOGING SOURCE | |
| Original cataloging agency | DLC |
| Transcribing agency | DLC |
| Modifying agency | DLC |
| -- | EG-ScBUE |
| 082 00 - DEWEY DECIMAL CLASSIFICATION NUMBER | |
| Classification number | 621.39732 |
| Edition number | 22 |
| Item number | LEE |
| 100 1# - MAIN ENTRY--PERSONAL NAME | |
| Personal name | Lee, Thomas H., |
| Dates associated with a name | 1959- |
| 9 (RLIN) | 37249 |
| 245 14 - TITLE STATEMENT | |
| Title | The design of CMOS radio-frequency integrated circuits / |
| Statement of responsibility, etc | Thomas H. Lee. |
| 250 ## - EDITION STATEMENT | |
| Edition statement | 2nd ed., |
| Remainder of edition statement | reprinted. |
| 260 ## - PUBLICATION, DISTRIBUTION, ETC. (IMPRINT) | |
| Place of publication, distribution, etc | Cambridge, United Kingdom ; |
| -- | New York, United States : |
| Name of publisher, distributor, etc | Cambridge University Press, |
| Date of publication, distribution, etc | 2012. |
| 300 ## - PHYSICAL DESCRIPTION | |
| Extent | xviii, 797 p. : |
| Other physical details | ill. ; |
| Dimensions | 27 cm. |
| 500 ## - GENERAL NOTE | |
| General note | Index : p. 777-797. |
| 500 ## - GENERAL NOTE | |
| General note | Reprint of the 2004 ed. |
| 504 ## - BIBLIOGRAPHY, ETC. NOTE | |
| Bibliography, etc | Includes bibliographical references. |
| 650 #0 - SUBJECT ADDED ENTRY--TOPICAL TERM | |
| Topical term or geographic name as entry element | Metal oxide semiconductors, Complementary |
| General subdivision | Design and construction |
| 9 (RLIN) | 33976 |
| 650 #0 - SUBJECT ADDED ENTRY--TOPICAL TERM | |
| Topical term or geographic name as entry element | Radio frequency integrated circuits |
| General subdivision | Design and construction |
| 9 (RLIN) | 37096 |
| 650 #0 - SUBJECT ADDED ENTRY--TOPICAL TERM | |
| Topical term or geographic name as entry element | Radio |
| General subdivision | Transmitter-receivers |
| 9 (RLIN) | 31703 |
| 653 ## - INDEX TERM--UNCONTROLLED | |
| Resource For college | Engineering, Electrical |
| Arrived date list | January2015 |
| 655 ## - INDEX TERM--GENRE/FORM | |
| Form subdivision | |
| -- | 34232 |
| 942 ## - ADDED ENTRY ELEMENTS (KOHA) | |
| Source of classification or shelving scheme | Dewey Decimal Classification |
| Call number prefix | 621.39732 LEE |
| Withdrawn status | Item status | Source of classification or shelving scheme | Damaged status | Not for loan | Vendor | Home library | Current library | Shelving location | Date acquired | Source of acquisition | Cost, normal purchase price | Serial Enumeration / chronology | Total Checkouts | Full call number | Barcode | Date last seen | Cost, replacement price | Koha item type |
|---|---|---|---|---|---|---|---|---|---|---|---|---|---|---|---|---|---|---|
| Dewey Decimal Classification | Baccah | Central Library | Central Library | First floor | 19/01/2015 | 567.00 | 21291 | 621.39732 LEE | 000037327 | 15/07/2025 | 709.00 | Book - Borrowing |